000 00369 a2200157 4500
001 75344
020 _a978858057768-6
040 _cAnchieta - Colégio São Paulo
100 _aFreitas,isabela
240 1 0 _aNão se iluda, não
_lpor
245 1 0 _aNão se iluda, não
300 _a272
362 0 _a2015
650 4 _aAprimoramento pessoal e análise
942 _cBK
999 _c75344
_d75344